000 00731nam a2200289Ia 4500
005 20260324133419.0
008 008 260324s9999 xx 000 0 eng d
020 _a9780203963494
037 _aEBOOK
040 _aCRL
040 _beng
040 _cCRL
041 _2eng
041 _aeng
084 _qCRL
100 _aMary Kellett; Melanie Nind
_91193006
245 0 _aImplementing Intensive Interaction in Schools
245 0 _bGuidance for Practitioners, Managers and Co-ordinators
260 _bTaylor and Francis
260 _c2003
365 _a
365 _b205
856 _uhttp://www.taylorfrancis.com/books/9780203963494
942 _cEBOOK
999 _c1792007
_d1792007